000 00273nam a2200121Ia 4500
100 _aLaznov/S & Jaits
650 _aElectrical Engineering
942 _cBK
245 _aPower station Electrician
260 _bMir Publishers
_c1970
082 _a621.3
546 _aENGLISH
999 _c26036
_d26036